Five Biggest Countries by Eight Colors on the World Map - Statistics

General Stats
  • This quiz has been taken 3,898 times
    3,874 since last reset
  • The average score is 36 of 40
Answers on the Map
Answers color-coded by a green-red scale on the quiz's map according to % correct below.
 
Answer Stats
Color Country % Correct
Red Canada
99%
Red United States
99%
Red Australia
98%
Green Brazil
97%
Yellow China
97%
Black Russia
97%
Yellow Argentina
96%
Purple India
96%
Red Algeria
95%
Blue Mexico
95%
Red Saudi Arabia
95%
Orange Egypt
93%
Blue Iran
93%
Green Kazakhstan
93%
Orange DR Congo
92%
Blue South Africa
92%
Yellow Sudan
92%
Yellow Peru
91%
Blue France
90%
Green Libya
90%
Purple Niger
90%
Purple Chad
89%
Pink Turkey
89%
Orange Mali
88%
Pink Pakistan
88%
Black Bolivia
87%
Pink Colombia
87%
Purple Nigeria
87%
Yellow Ukraine
87%
Orange Iraq
85%
Black Japan
85%
Black Somalia
85%
Pink Afghanistan
84%
Blue Angola
84%
Purple Mauritania
82%
Black Myanmar
82%
Green Namibia
82%
Green Mozambique
78%
Pink Tanzania
78%
Orange Oman
77%
No matching quizzes found
Score Distribution
Percent of People with Each Score
Percentile by Number Answered
Your Score History
You have not taken this quiz since the last reset